Mobile peoples - permanent places : nomadic landscapes and stone architecture from the Hellenistic to early Islamic periods in north-eastern Jordan /
This study explores the relationship between nomadic communities in the Black Desert of north-eastern Jordan (c. 300 BC and 900 AD) and the landscapes they inhabited and extensively modified. This book focuses on the architectural features created in the landscape some 2000 years ago which were used...
المؤلف الرئيسي:
التنسيق: كتاب الكتروني
اللغة: English
منشور في:
Summertown, Oxford :
Archaeopress Publishing Ltd.,
2019.
سلاسل:
Access archaeology.
الموضوعات:
الوصول للمادة أونلاين: Login to view Source
الوسوم: إضافة وسم
رقم الطلب: GN635
| LEADER | 02188nam a2200457 i 4500 | ||
|---|---|---|---|
| 001 | EDZ0002122139 | ||
| 003 | StDuBDS | ||
| 005 | 20230412182606.0 | ||
| 006 | m|||||o||d|||||||| | ||
| 007 | cr ||||||||||| | ||
| 008 | 191017s2019 enkab fob 000|0|eng|d | ||
| 020 | |a 9781789693140 (PDF ebook) : |c No price | ||
| 040 | |a StDuBDS |b eng |c StDuBDS |e rda |e pn | ||
| 050 | 4 | |a GN635 | |
| 082 | 0 | 4 | |a 305.906918095695 |2 23 |
| 100 | 1 | |a Huigens, Harmen O., |e author. | |
| 245 | 1 | 0 | |a Mobile peoples - permanent places : |b nomadic landscapes and stone architecture from the Hellenistic to early Islamic periods in north-eastern Jordan / |c Harmen O. Huigens. |
| 264 | 1 | |a Summertown, Oxford : |b Archaeopress Publishing Ltd., |c 2019. | |
| 300 | |a 1 online resource (xxii, 243 pages) : |b illustrations (black and white, and colour), maps (colour). | ||
| 336 | |a text |2 rdacontent | ||
| 336 | |a still image |2 rdacontent | ||
| 336 | |a cartographic image |2 rdacontent | ||
| 337 | |a computer |2 rdamedia | ||
| 338 | |a online resource |2 rdacarrier | ||
| 490 | 1 | |a Access archaeology | |
| 500 | |a "Available both in print and Open Access"--Homepage. | ||
| 504 | |a Includes bibliographical references. | ||
| 520 | 8 | |a This study explores the relationship between nomadic communities in the Black Desert of north-eastern Jordan (c. 300 BC and 900 AD) and the landscapes they inhabited and extensively modified. This book focuses on the architectural features created in the landscape some 2000 years ago which were used and revisited on multiple occasions. | |
| 521 | |a Specialized. | ||
| 588 | |a Description based on online resource; title from PDF title page (viewed on November 22, 2019). | ||
| 650 | 0 | |a Nomads |z Iran |x History. | |
| 650 | 0 | |a Nomads |x Dwellings. | |
| 650 | 0 | |a Stone buildings |z Jordan |x History. | |
| 651 | 0 | |a Jordan |x History. | |
| 651 | 0 | |a Jordan |x Antiquities. | |
| 776 | 0 | 8 | |i Print version : |z 9781789693133 |
| 830 | 0 | |a Access archaeology. | |
| 856 | 4 | 0 | |3 Archaeopress |u http://library.arce.org:8087/Archaeopress/Products/9781789693133 |
| 942 | |2 lcc |c EBOOK | ||
| 952 | |0 0 |1 0 |4 0 |6 GN0635 |7 1 |9 46595 |a ARCH |b ARCH |d 2023-04-12 |l 0 |o GN635 |r 2023-04-12 00:00:00 |w 2023-04-12 |y EBOOK | ||
| 999 | |c 52253 |d 52253 | ||
